[Event "Calvia Amateur Open"]
[Site "Mallorca"]
[Date "2008.10.11"]
[Round "2.6"]
[White "Juan Mas, Santiago"]
[Black "Ehsan, Ali"]
[Result "1-0"]
[WhiteElo "2095"]
[BlackElo "2241"]
[PlyCount "93"]
[EventDate "2008.10.10"]
[EventType "swiss"]
[EventRounds "9"]
[EventCountry "ESP"]

1. e4 e5 2. Nc3 Nf6 3. g3 d5 4. exd5 Nxd5 5. Bg2 Be6 6. Nf3 Nc6 7. O-O Nxc3 8.
bxc3 e4 9. Ne1 f5 10. d3 Be7 11. Qe2 Ne5 12. f3 O-O 13. fxe4 Nc6 14. exf5 Bxf5
15. Rxf5 Rxf5 16. Qe6+ Rf7 17. Bd5 Qe8 18. Qxf7+ Qxf7 19. Bxf7+ Kxf7 20. Bf4
Bd6 21. Bxd6 cxd6 22. Ng2 Rc8 23. Rf1+ Kg8 24. Nf4 Ne5 25. Nd5 Re8 26. Kg2 Ng4
27. h3 Re2+ 28. Kf3 Re5 29. Kxg4 Rxd5 30. Rf5 Rxf5 31. Kxf5 Kf7 32. c4 g6+ 33.
Kg5 Kg7 34. Kf4 Kf6 35. Ke4 Ke6 36. g4 h6 37. a3 a5 38. Kd4 h5 39. gxh5 gxh5
40. c5 h4 41. cxd6 Kxd6 42. c4 Kc6 43. c5 Kb5 44. Kd5 Ka4 45. Kc4 b5+ 46. cxb6
Kxa3 47. b7 1-0

[Event "Calvia Amateur Open"]
[Site "Mallorca"]
[Date "2008.10.11"]
[Round "2.7"]
[White "Avila Jimenez, Javier"]
[Black "Eriksson 1941, Bo"]
[Result "0-1"]
[WhiteElo "2217"]
[BlackElo "2115"]
[PlyCount "102"]
[EventDate "2008.10.10"]
[EventType "swiss"]
[EventRounds "9"]
[EventCountry "ESP"]

1. d4 d5 2. c4 Nc6 3. cxd5 Qxd5 4. e3 e5 5. Nc3 Bb4 6. Bd2 Bxc3 7. bxc3 Qd6 8.
Bd3 Nf6 9. Qb1 O-O 10. Ne2 Re8 11. f3 b6 12. O-O Bb7 13. Ng3 Ne7 14. Ne4 Bxe4
15. fxe4 Rad8 16. Qb3 c5 17. d5 c4 18. Qxc4 Nexd5 19. exd5 Qxd5 20. Rxf6 gxf6
21. Qg4+ Kh8 22. Be4 Qxd2 23. Qh3 Kg7 24. Qxh7+ Kf8 25. Qh6+ Ke7 26. Rf1 Rd6
27. c4 Rg8 28. Bd5 Rg6 29. Qh3 Qxa2 30. Qf3 Qd2 31. g3 Rh6 32. Rf2 Qd3 33. Kg2
a5 34. Ra2 Rh8 35. h4 Rhd8 36. Rf2 b5 37. Qh5 Rxd5 38. cxd5 Qxd5+ 39. Kh2 b4
40. Qf5 Qc6 41. Rc2 Qd7 42. Qe4 b3 43. Rb2 a4 44. Qb4+ Ke8 45. h5 Ra8 46. h6
Qf5 47. Qh4 Qg5 48. Qh3 Kf8 49. Rf2 Kg8 50. Rf5 Qg6 51. Qh4 Qxf5 0-1

[Event "Calvia Amateur Open"]
[Site "Mallorca"]
[Date "2008.10.11"]
[Round "2.8"]
[White "Schenk Papke, Andres"]
[Black "Eriksson, Jorgen"]
[Result "1-0"]
[WhiteElo "2088"]
[BlackElo "2217"]
[PlyCount "70"]
[EventDate "2008.10.10"]
[EventType "swiss"]
[EventRounds "9"]
[EventCountry "ESP"]

1. Nf3 d5 2. d4 e6 3. Bf4 Nf6 4. e3 c5 5. c3 Nc6 6. Nbd2 Be7 7. h3 O-O 8. Bd3
b6 9. Ne5 Bb7 10. Ndf3 Ne4 11. Nxc6 Bxc6 12. Ne5 Bb7 13. O-O f6 14. Nf3 Bd6 15.
Bxd6 Qxd6 16. Nd2 Nxd2 17. Qxd2 e5 18. dxc5 bxc5 19. Qc2 e4 20. Be2 f5 21. Rfd1
Kh8 22. Bc4 Qe5 23. Qb3 dxc4 24. Qxb7 Rab8 25. Qd5 Qe7 26. Rab1 Rb6 27. Qxc4
Rg6 28. Rd5 Qg5 29. g3 h5 30. Qxc5 Rf7 31. Qc8+ Kh7 32. Rd8 Rgf6 33. Rh8+ Kg6
34. Qg8 Ra6 35. Qh7+ Kf6 {indescifrable} 1-0

[Event "Calvia Amateur Open"]
[Site "Mallorca"]
[Date "2008.10.11"]
[Round "2.9"]
[White "Martinez Vicario, Jose Maria"]
[Black "Munar Rossello, Pedro"]
[Result "1-0"]
[WhiteElo "2214"]
[BlackElo "2098"]
[PlyCount "71"]
[EventDate "2008.10.10"]
[EventType "swiss"]
[EventRounds "9"]
[EventCountry "ESP"]

1. b3 d5 2. Bb2 Bg4 3. f4 Nc6 4. Nf3 Bxf3 5. exf3 e5 6. fxe5 f6 7. Bb5 d4 8.
Qe2 Qd5 9. exf6+ Kd7 10. f7 Qxf7 11. O-O Bd6 12. f4 Qd5 13. Qg4+ Qe6 14. Bxc6+
bxc6 15. Qxe6+ Kxe6 16. Bxd4 Kf7 17. Nc3 Nh6 18. Ne4 Bb4 19. c3 Be7 20. Ng5+
Kg6 21. Rae1 Nf5 22. Re6+ Kh5 23. Be5 Rhe8 24. Ne4 Bd6 25. Rxe8 Rxe8 26. d4 c5
27. h3 Ne3 28. Rf3 cxd4 29. cxd4 Bxe5 30. dxe5 Nd5 31. g4+ Kh6 32. Kf2 a5 33.
Kg3 Nb4 34. Rc3 Re7 35. a3 Na6 36. Rc6+ 1-0

[Event "Calvia Amateur Open"]
[Site "Mallorca"]
[Date "2008.10.11"]
[Round "2.10"]
[White "Santos Folch, Adolfo"]
[Black "Spence, David J"]
[Result "0-1"]
[WhiteElo "2084"]
[BlackElo "2214"]
[PlyCount "76"]
[EventDate "2008.10.10"]
[EventType "swiss"]
[EventRounds "9"]
[EventCountry "ESP"]

1. e4 e6 2. d4 d5 3. e5 c5 4. Qg4 Nc6 5. Nf3 Qa5+ 6. Bd2 Qb6 7. Nc3 Qxb2 8. Rb1
Qxc2 9. Rc1 Qg6 10. Qxg6 hxg6 11. Nb5 Rb8 12. dxc5 f6 13. Bf4 a6 14. exf6 axb5
15. Bxb8 Nxb8 16. Bxb5+ Nc6 17. Bxc6+ bxc6 18. f7+ Kxf7 19. Ne5+ Kf6 20. Nxc6
Ne7 21. Na7 Ba6 22. c6 Nc8 23. Nxc8 Bb4+ 24. Kd1 Rxc8 25. a3 Ba5 26. Rc5 Bb6
27. Rc3 Bd4 28. Rf3+ Ke7 29. Re1 Rxc6 30. Rf4 Bc3 31. Re3 d4 32. Ref3 Rb6 33.
Rf7+ Kd6 34. Rf8 Rb2 35. Kc1 Bb7 36. R3f4 Bd5 37. Rd8+ Ke5 38. g3 d3 0-1

[Event "Calvia Amateur Open"]
[Site "Mallorca"]
[Date "2008.10.11"]
[Round "2.11"]
[White "Hutchinson, Paul A"]
[Black "Valls Casas, Jordi"]
[Result "1-0"]
[WhiteElo "2213"]
[BlackElo "2091"]
[PlyCount "41"]
[EventDate "2008.10.10"]
[EventType "swiss"]
[EventRounds "9"]
[EventCountry "ESP"]

1. e4 c6 2. d3 d5 3. Nd2 e5 4. Ngf3 Bd6 5. g3 Bg4 6. h3 Be6 7. Bg2 h6 8. Qe2
Nd7 9. d4 Qe7 10. dxe5 Nxe5 11. Nd4 dxe4 12. Nxe6 Qxe6 13. Nxe4 Be7 14. O-O Rd8
15. Re1 Qc4 16. Qxc4 Nxc4 17. Nc5 Nd6 18. Bf4 Kf8 19. Rad1 b6 20. Bxd6 Bxd6 21.
Nb7 1-0

[Event "Calvia Amateur Open"]
[Site "Mallorca"]
[Date "2008.10.11"]
[Round "2.12"]
[White "Luijpen, Michiel"]
[Black "Mack, Wolfgang"]
[Result "1/2-1/2"]
[WhiteElo "2066"]
[BlackElo "2185"]
[PlyCount "57"]
[EventDate "2008.10.10"]
[EventType "swiss"]
[EventRounds "9"]
[EventCountry "ESP"]

1. e4 g6 2. d4 Bg7 3. Nc3 d6 4. f4 a6 5. Nf3 b5 6. Bd3 Nd7 7. e5 c5 8. Be4 Rb8
9. Be3 b4 10. Ne2 Bb7 11. Bxb7 Rxb7 12. dxc5 Nxc5 13. Bxc5 dxc5 14. Qxd8+ Kxd8
15. O-O-O+ Kc7 16. Ng5 Nh6 17. Rd5 Kb6 18. h3 Nf5 19. g4 e6 20. Rd3 c4 21. Rdd1
Ne3 22. Rd6+ Ka7 23. Nd4 h6 24. Ne4 Rc8 25. Nc6+ Ka8 26. Na5 Ra7 27. Nc6 Rb7
28. Na5 Ra7 29. Nc6 1/2-1/2

[Event "Calvia Amateur Open"]
[Site "Mallorca"]
[Date "2008.10.11"]
[Round "2.13"]
[White "Planas Gene, Juan"]
[Black "Haraldsson, Leif"]
[Result "1-0"]
[WhiteElo "2184"]
[BlackElo "2087"]
[PlyCount "79"]
[EventDate "2008.10.10"]
[EventType "swiss"]
[EventRounds "9"]
[EventCountry "ESP"]

1. d4 d5 2. c4 e6 3. Nc3 f5 4. Nf3 c6 5. g3 Nf6 6. Bg2 Be7 7. O-O O-O 8. b3 Qe8
9. Bb2 Nbd7 10. Qc2 Qh5 11. Ne5 Bd6 12. Nxd7 Bxd7 13. e3 Ng4 14. h3 Bxg3 15.
fxg3 Nxe3 16. Qe2 Qxe2 17. Nxe2 Nxf1 18. Rxf1 Rf6 19. Nf4 g5 20. Nd3 Re8 21.
Ne5 Bc8 22. Bc1 h6 23. c5 Kg7 24. h4 gxh4 25. gxh4 Kh7 26. Bf4 Rg8 27. h5 Rg7
28. Kf2 Rf8 29. Bf3 Rfg8 30. b4 a6 31. a4 Re8 32. Rb1 Bd7 33. Be2 Reg8 34. Ng6
Be8 35. Be5 Bxg6 36. Bxg7 Rxg7 37. hxg6+ Rxg6 38. Rg1 Rg5 39. Rxg5 hxg5 40.
Bxa6 1-0

[Event "Calvia Amateur Open"]
[Site "Mallorca"]
[Date "2008.10.11"]
[Round "2.14"]
[White "Mercant Simon, Jaime"]
[Black "Lacrosse, Marc"]
[Result "0-1"]
[WhiteElo "2029"]
[BlackElo "2181"]
[PlyCount "30"]
[EventDate "2008.10.10"]
[EventType "swiss"]
[EventRounds "9"]
[EventCountry "ESP"]

1. e4 e5 2. Nf3 Nc6 3. Bc4 Bc5 4. c3 Nf6 5. O-O Nxe4 6. d4 d5 7. Bb5 exd4 8.
Bxc6+ bxc6 9. Nxd4 O-O 10. f3 Nd6 11. Kh1 Bd7 12. b4 Bb6 13. Nb3 Re8 14. N1d2
Nf5 15. Re1 Qh4 0-1

[Event "Calvia Amateur Open"]
[Site "Mallorca"]
[Date "2008.10.11"]
[Round "2.15"]
[White "Hoenick, Andreas"]
[Black "Alonso Jimenez, Joan"]
[Result "1-0"]
[WhiteElo "2172"]
[BlackElo "2069"]
[PlyCount "87"]
[EventDate "2008.10.10"]
[EventType "swiss"]
[EventRounds "9"]
[EventCountry "ESP"]

1. d4 Nf6 2. c4 c5 3. d5 b5 4. cxb5 a6 5. bxa6 Bxa6 6. Nc3 d6 7. g3 g6 8. Bg2
Bg7 9. Nf3 O-O 10. O-O Nbd7 11. Rb1 Qc7 12. b3 Rfb8 13. Qc2 Ng4 14. Bd2 Qa7 15.
a4 Rb7 16. h3 Nge5 17. Nh4 Rab8 18. Kh2 Nf6 19. f4 Ned7 20. Rfe1 Rc7 21. e4 e5
22. f5 Nh5 23. Bf3 Ndf6 24. g4 Nf4 25. Bxf4 exf4 26. g5 Nd7 27. f6 Bh8 28. e5
Nxe5 29. Rxe5 dxe5 30. Ne4 Rb4 31. d6 Rc8 32. Bg4 Rd8 33. d7 Rxd7 34. Bxd7 Qxd7
35. Nxc5 Qc7 36. Rc1 Rc4 37. bxc4 Qxc5 38. Rd1 Qc7 39. Qe4 h6 40. Nxg6 hxg5 41.
Qa8+ Kh7 42. Nf8+ Kh6 43. Qe4 g4 44. Qh7+ 1-0

[Event "Calvia Amateur Open"]
[Site "Mallorca"]
[Date "2008.10.12"]
[Round "3.1"]
[White "Hoenick, Andreas"]
[Black "Massanet Massanet, Sebastian"]
[Result "0-1"]
[WhiteElo "2172"]
[BlackElo "2299"]
[PlyCount "60"]
[EventDate "2008.10.10"]
[EventType "swiss"]
[EventRounds "9"]
[EventCountry "ESP"]

1. d4 d5 2. c4 e6 3. Nc3 Nf6 4. cxd5 exd5 5. Bg5 Be7 6. e3 O-O 7. Qc2 c6 8. Bd3
h6 9. Bf4 Re8 10. Nf3 Nbd7 11. h3 Nf8 12. O-O-O Ne6 13. Bh2 b5 14. Kb1 a5 15.
Ne5 Bb7 16. g4 a4 17. Ne2 Qb6 18. Ng3 b4 19. Bg6 Nd8 20. Nf5 b3 21. Nxh6+ Kf8
22. Qf5 Bc8 23. Qf4 a3 24. Rd2 Ne6 25. Qf3 Ng5 26. Bxf7 gxh6 27. Qf4 Kg7 28.
Bxe8 Nfe4 29. Nc4 Nxd2+ 30. Nxd2 bxa2+ 0-1

[Event "Calvia Amateur Open"]
[Site "Mallorca"]
[Date "2008.10.12"]
[Round "3.2"]
[White "Gaya Llodra, Juan"]
[Black "Andersson, Lars"]
[Result "1-0"]
[WhiteElo "2257"]
[BlackElo "2159"]
[PlyCount "59"]
[EventDate "2008.10.10"]
[EventType "swiss"]
[EventRounds "9"]
[EventCountry "ESP"]

1. d4 f5 2. g3 Nf6 3. Bg2 g6 4. c4 Bg7 5. Nc3 O-O 6. Nh3 d6 7. d5 Nbd7 8. Nf4
Ne5 9. Qb3 a6 10. h4 Qe8 11. Bd2 Rb8 12. Rc1 Qf7 13. Nd1 Ne4 14. Bxe4 fxe4 15.
c5 c6 16. cxd6 exd6 17. Qb4 Bf5 18. Ne3 c5 19. Qa3 Bd7 20. b4 Bh6 21. bxc5 Bxf4
22. gxf4 Qxf4 23. Nd1 Qg4 24. Qg3 Qxg3 25. fxg3 dxc5 26. Bf4 Rbe8 27. Rxc5 Bb5
28. Nc3 Rc8 29. Rxc8 Rxc8 30. Bxe5 1-0

[Event "Calvia Amateur Open"]
[Site "Mallorca"]
[Date "2008.10.12"]
[Round "3.3"]
[White "Serra Olives, Tomas"]
[Black "Martinez Vicario, Jose Maria"]
[Result "1/2-1/2"]
[WhiteElo "2156"]
[BlackElo "2214"]
[PlyCount "146"]
[EventDate "2008.10.10"]
[EventType "swiss"]
[EventRounds "9"]
[EventCountry "ESP"]

1. e4 d5 2. exd5 Nf6 3. Nf3 Nxd5 4. d4 g6 5. c4 Nb6 6. Nc3 Bg7 7. Be3 O-O 8.
Be2 Nc6 9. d5 Ne5 10. Nxe5 Bxe5 11. O-O e6 12. Bd4 Qf6 13. Bxe5 Qxe5 14. Re1
exd5 15. cxd5 Qf6 16. Qd2 Bd7 17. Ne4 Qg7 18. Rac1 Rad8 19. Bf3 c6 20. d6 Be6
21. Nc5 Nc4 22. Nxe6 Nxd2 23. Nxg7 Nxf3+ 24. gxf3 Kxg7 25. Re7 Rfe8 26. Rce1
Kf8 27. R1e4 Rb8 28. Rc7 Rec8 29. Ree7 Rxc7 30. Rxc7 Rd8 31. Rxb7 Rxd6 32. Rxa7
c5 33. a4 Rb6 34. Rc7 Rxb2 35. Rxc5 Ke7 36. Rc6 Rb4 37. a5 Rf4 38. Kg2 Kd7 39.
Kg3 Rf5 40. Ra6 Kc7 41. f4 h6 42. h4 h5 43. Kf3 Kb7 44. Rb6+ Kc7 45. Ke4 Rxa5
46. Rf6 Ra4+ 47. Kf3 Kd8 48. Rxf7 Ra3+ 49. Kg2 Ra6 50. f5 Ke8 51. Rh7 gxf5 52.
Rxh5 Rf6 53. Rh7 Kf8 54. Kg3 Kg8 55. Ra7 Rg6+ 56. Kh3 Rf6 57. h5 Rb6 58. Kh4
Rb2 59. f3 Rf2 60. Kg3 Rf1 61. Ra5 Kg7 62. Rxf5 Kh6 63. Kg4 Rg1+ 64. Kf4 Re1
65. Ra5 Re2 66. Re5 Ra2 67. Kg4 Rg2+ 68. Kf5 Kxh5 69. Kf6+ Kh6 70. f4 Rg6+ 71.
Kf7 Rg7+ 72. Kf8 Ra7 73. Re6+ Kh5 1/2-1/2

[Event "Calvia Amateur Open"]
[Site "Mallorca"]
[Date "2008.10.12"]
[Round "3.4"]
[White "Spence, David J"]
[Black "Andersen, Mads"]
[Result "1-0"]
[WhiteElo "2214"]
[BlackElo "2156"]
[PlyCount "93"]
[EventDate "2008.10.10"]
[EventType "swiss"]
[EventRounds "9"]
[EventCountry "ESP"]

1. e4 c5 2. c3 Nf6 3. e5 Nd5 4. d4 cxd4 5. cxd4 e6 6. Nf3 d6 7. Bc4 Nb6 8. Bb3
dxe5 9. Nxe5 Nc6 10. Nxc6 bxc6 11. O-O Be7 12. Nc3 Nd5 13. Ne4 O-O 14. Re1 Nf6
15. Bc2 Ba6 16. Be3 Bc4 17. Nxf6+ Bxf6 18. Bxh7+ Kxh7 19. Qc2+ Kg8 20. Qxc4 Qd5
21. Rac1 Rab8 22. b3 Rfc8 23. Qa4 Qb5 24. Rc4 a5 25. Rec1 Qxa4 26. Rxa4 Rb4 27.
Rxa5 Bxd4 28. Bxd4 Rxd4 29. Rac5 Rd2 30. R5c2 Rxc2 31. Rxc2 Kf8 32. Kf1 Ke7 33.
Ke2 g5 34. h3 Kd6 35. Kd3 Rh8 36. Rd2 Rh4 37. Kc3+ Kc7 38. Rd4 Rh5 39. b4 e5
40. Rc4 Kd6 41. a4 Kd5 42. a5 f5 43. a6 Rh7 44. Rc5+ Kd6 45. Ra5 Ra7 46. Kc4 f4
47. f3 1-0

[Event "Calvia Amateur Open"]
[Site "Mallorca"]
[Date "2008.10.12"]
[Round "3.5"]
[White "Diez Fraile, Mariano"]
[Black "Hutchinson, Paul A"]
[Result "0-1"]
[WhiteElo "2131"]
[BlackElo "2213"]
[PlyCount "78"]
[EventDate "2008.10.10"]
[EventType "swiss"]
[EventRounds "9"]
[EventCountry "ESP"]

1. e4 e5 2. Nf3 Nf6 3. Nxe5 d6 4. Nf3 Nxe4 5. d4 d5 6. Bd3 Nc6 7. O-O Be7 8. c4
Nb4 9. Be2 O-O 10. Nc3 Bf5 11. a3 Nxc3 12. bxc3 Nc6 13. cxd5 Qxd5 14. c4 Qd7
15. Be3 Bf6 16. Ra2 Rad8 17. Rd2 Rfe8 18. Qb3 Qc8 19. Rfd1 Be4 20. h3 Ne7 21.
Bf4 Ng6 22. Bg3 Re6 23. a4 Rde8 24. a5 c6 25. Qa2 h6 26. Ne5 Nxe5 27. dxe5 Bxe5
28. Bg4 f5 29. Bh5 Rf8 30. Bxe5 Rxe5 31. f3 f4 32. fxe4 Rxh5 33. Rd7 f3 34. c5+
Kh8 35. Qe6 Rg5 36. g4 f2+ 37. Kf1 b6 38. h4 Qa6+ 39. R1d3 Rxc5 0-1

[Event "Calvia Amateur Open"]
[Site "Mallorca"]
[Date "2008.10.12"]
[Round "3.6"]
[White "Eriksson, Bo"]
[Black "Planas Gene, Juan"]
[Result "1-0"]
[WhiteElo "2115"]
[BlackElo "2184"]
[PlyCount "59"]
[EventDate "2008.10.10"]
[EventType "swiss"]
[EventRounds "9"]
[EventCountry "ESP"]

1. e4 c5 2. Nf3 Nc6 3. d4 cxd4 4. Nxd4 Nf6 5. Nc3 e5 6. Ndb5 d6 7. Bg5 a6 8.
Na3 b5 9. Nd5 Be7 10. Bxf6 Bxf6 11. c3 O-O 12. Nc2 Bg5 13. Bd3 Be6 14. Nce3 Ne7
15. Bc2 Rb8 16. O-O Nxd5 17. Nxd5 Bxd5 18. Qxd5 Re8 19. a4 Re6 20. axb5 Rxb5
21. Qa2 a5 22. Bd3 Rc5 23. Bc4 Re7 24. b4 axb4 25. cxb4 Rc8 26. Bd5 Qb6 27. Qa6
Qxa6 28. Rxa6 Rec7 29. b5 Rc1 30. b6 1-0

[Event "Calvia Amateur Open"]
[Site "Mallorca"]
[Date "2008.10.12"]
[Round "3.7"]
[White "Lacrosse, Marc"]
[Black "Juan Mas, Santiago"]
[Result "1-0"]
[WhiteElo "2181"]
[BlackElo "2095"]
[PlyCount "61"]
[EventDate "2008.10.10"]
[EventType "swiss"]
[EventRounds "9"]
[EventCountry "ESP"]

1. d4 d5 2. c4 e5 3. dxe5 d4 4. Nf3 Nc6 5. Nbd2 Bg4 6. Qb3 Qd7 7. g3 O-O-O 8.
Bg2 f6 9. O-O Bh3 10. exf6 gxf6 11. a3 Bxg2 12. Kxg2 f5 13. Qd3 Bg7 14. b4 Nge7
15. b5 Ne5 16. Nxe5 Bxe5 17. Nf3 Ng6 18. Bg5 Rde8 19. Rad1 h6 20. Be3 Rhg8 21.
Nxe5 Rxe5 22. Qxd4 Qxd4 23. Rxd4 f4 24. Bxf4 Nxf4+ 25. Rxf4 Rxe2 26. Rd1 b6 27.
h4 Rc2 28. Rd3 Re8 29. g4 Re5 30. Rf8+ Kb7 31. Rdd8 1-0

[Event "Calvia Amateur Open"]
[Site "Mallorca"]
[Date "2008.10.12"]
[Round "3.8"]
[White "Garcia Del Rey, Senen"]
[Black "Schenk Papke, Andres"]
[Result "1-0"]
[WhiteElo "2295"]
[BlackElo "2088"]
[PlyCount "91"]
[EventDate "2008.10.10"]
[EventType "swiss"]
[EventRounds "9"]
[EventCountry "ESP"]

1. c4 e5 2. e3 Nc6 3. Nc3 g6 4. Nf3 Bg7 5. Be2 d6 6. O-O Nge7 7. Rb1 a5 8. a3
O-O 9. b4 axb4 10. axb4 h6 11. Qb3 Kh7 12. d3 f5 13. Bd2 g5 14. Ra1 Rxa1 15.
Rxa1 Ng6 16. Ra8 Nce7 17. Ne1 f4 18. Bg4 fxe3 19. fxe3 c6 20. Ne4 Qc7 21. Bxc8
Rxc8 22. Rxc8 Nxc8 23. Qd1 Qd7 24. Qh5 Qf5 25. g4 Qd7 26. Nxg5+ Kg8 27. Ne4 Qf7
28. Qf5 Qxf5 29. gxf5 Nh4 30. Ng3 d5 31. e4 dxc4 32. dxc4 Nd6 33. c5 Nc4 34.
Bc1 b6 35. cxb6 Nxb6 36. Kf2 Nc4 37. Nh5 Bf8 38. Kg3 Be7 39. f6 Bxb4 40. Nd3
Bd2 41. Kxh4 Bxc1 42. Nxc1 Nd6 43. Nd3 Nxe4 44. Nxe5 c5 45. f7+ Kf8 46. Nf4 1-0

[Event "Calvia Amateur Open"]
[Site "Mallorca"]
[Date "2008.10.12"]
[Round "3.9"]
[White "Barcelo Pujadas, Pedro Jose"]
[Black "Rhein, Klaus"]
[Result "1-0"]
[WhiteElo "2269"]
[BlackElo "2164"]
[PlyCount "54"]
[EventDate "2008.10.10"]
[EventType "swiss"]
[EventRounds "9"]
[EventCountry "ESP"]

1. Nf3 d6 2. c4 e5 3. Nc3 f5 4. d3 Nf6 5. g3 Be7 6. Bg2 O-O 7. O-O Qe8 8. b4
Qh5 9. c5 f4 10. cxd6 cxd6 11. Ne4 Nxe4 12. dxe4 fxg3 13. Qd5+ Kh8 14. fxg3 Nd7
15. Qe6 Qe8 16. Qb3 Nf6 17. Nh4 Bd8 18. Bg5 Bb6+ 19. Be3 Bxe3+ 20. Qxe3 Qb5 21.
h3 d5 22. exd5 Nxd5 23. Qxe5 Qb6+ 24. Kh2 Rxf1 25. Rxf1 Ne3 26. Rc1 Nxg2 27.
Rc7 Qg6 {irreproducible} 1-0

[Event "Calvia Amateur Open"]
[Site "Mallorca"]
[Date "2008.10.12"]
[Round "3.10"]
[White "Schuermans, Robert"]
[Black "Tscharotschkin, Michael"]
[Result "1/2-1/2"]
[WhiteElo "2128"]
[BlackElo "2263"]
[PlyCount "34"]
[EventDate "2008.10.10"]
[EventType "swiss"]
[EventRounds "9"]
[EventCountry "ESP"]

1. e4 d6 2. d4 f5 3. exf5 Bxf5 4. Bd3 Qd7 5. Ne2 Nc6 6. c3 Nf6 7. O-O Bxd3 8.
Qxd3 e5 9. d5 Ne7 10. c4 g6 11. Bg5 Bg7 12. Bxf6 Bxf6 13. Nbc3 O-O 14. Ne4 Bg7
15. Rad1 b6 16. b4 a5 17. b5 h6 1/2-1/2

[Event "Calvia Amateur Open"]
[Site "Mallorca"]
[Date "2008.10.12"]
[Round "3.11"]
[White "Minescu, Dragos Olivar"]
[Black "Lopez Colon, Francisco"]
[Result "0-1"]
[WhiteElo "2130"]
[BlackElo "2249"]
[PlyCount "72"]
[EventDate "2008.10.10"]
[EventType "swiss"]
[EventRounds "9"]
[EventCountry "ESP"]

1. c4 c5 2. Nc3 Nc6 3. g3 g6 4. Bg2 Bg7 5. e4 e5 6. Nge2 Nge7 7. d3 d6 8. O-O
O-O 9. a3 Be6 10. Nd5 f5 11. Rb1 a5 12. Bd2 Rb8 13. b4 axb4 14. axb4 Bxd5 15.
cxd5 Nxb4 16. Bxb4 cxb4 17. Rxb4 f4 18. Bh3 h5 19. Qb3 b6 20. Rc1 f3 21. Nc3
Bh6 22. Rc2 h4 23. Nb5 Rc8 24. Bxc8 Nxc8 25. d4 Qd7 26. Qd3 Qh3 27. Qf1 Qg4 28.
dxe5 hxg3 29. hxg3 Be3 30. fxe3 Qxg3+ 31. Kh1 f2 32. Nd4 dxe5 33. Ne6 Rf6 34.
Rxc8+ Kh7 35. Rc7+ Kh6 36. Nf4 exf4 0-1

[Event "Calvia Amateur Open"]
[Site "Mallorca"]
[Date "2008.10.12"]
[Round "3.12"]
[White "Fabregas Fontanet, Antonio"]
[Black "Fruebing, Thomas"]
[Result "1-0"]
[WhiteElo "2069"]
[BlackElo "2241"]
[PlyCount "61"]
[EventDate "2008.10.10"]
[EventType "swiss"]
[EventRounds "9"]
[EventCountry "ESP"]

1. e4 e6 2. d4 d5 3. e5 c5 4. c3 Qb6 5. Nf3 Bd7 6. Bd3 Bb5 7. dxc5 Bxc5 8. O-O
a5 9. a4 Bxd3 10. Qxd3 Ne7 11. Na3 Nd7 12. Nb5 Ng6 13. Qe2 O-O 14. h4 f6 15. b4
axb4 16. cxb4 Bxb4 17. exf6 Nxf6 18. Be3 Qa6 19. Qb2 Ba5 20. Bd4 Rac8 21. Rfc1
Rc6 22. Na7 Rxc1+ 23. Rxc1 e5 24. Bc5 Re8 25. Nb5 Ne4 26. h5 Nf4 27. Nxe5 Nxc5
28. Rxc5 Qf6 29. g3 Nh3+ 30. Kg2 Nxf2 31. Rxd5 {irreproducible} 1-0

[Event "Calvia Amateur Open"]
[Site "Mallorca"]
[Date "2008.10.12"]
[Round "3.13"]
[White "Ramon Sanchez Campins, Pedro"]
[Black "Galiana Salom, Juan Ramon"]
[Result "0-1"]
[WhiteElo "1780"]
[BlackElo "2223"]
[PlyCount "68"]
[EventDate "2008.10.10"]
[EventType "swiss"]
[EventRounds "9"]
[EventCountry "ESP"]

1. d4 f5 2. g3 g6 3. Bg2 Bg7 4. e3 c6 5. Ne2 d6 6. O-O Nf6 7. c4 O-O 8. Nbc3 e5
9. dxe5 dxe5 10. Qxd8 Rxd8 11. Rd1 Re8 12. b3 Be6 13. Bb2 Na6 14. Na4 Bf7 15.
Rd6 Ng4 16. Rd7 Rab8 17. Ba3 e4 18. Rad1 Ne5 19. R7d2 Nd3 20. Bf1 b5 21. cxb5
cxb5 22. Nb2 b4 23. Nxd3 exd3 24. Bc1 dxe2 25. Bxe2 Nc5 26. Bf3 Ne4 27. Bxe4
fxe4 28. Rd7 Be6 29. Rxa7 Red8 30. Rxg7+ Kxg7 31. Bb2+ Kf7 32. Bd4 Ra8 33. Kg2
Rxa2 34. Rc1 Rc8 0-1

[Event "Calvia Amateur Open"]
[Site "Mallorca"]
[Date "2008.10.12"]
[Round "3.14"]
[White "Mack, Wolfgang"]
[Black "Lechado Artigues, Pedro"]
[Result "0-1"]
[WhiteElo "2185"]
[BlackElo "2021"]
[PlyCount "100"]
[EventDate "2008.10.10"]
[EventType "swiss"]
[EventRounds "9"]
[EventCountry "ESP"]

1. d4 Nf6 2. Nf3 g6 3. Nbd2 Bg7 4. e4 d6 5. Bd3 O-O 6. O-O Nc6 7. c3 e5 8. Re1
Nh5 9. dxe5 Nf4 10. Bb5 Nxe5 11. Nb3 Ne6 12. Nfd4 a6 13. Be2 c5 14. Nxe6 fxe6
15. Be3 b6 16. f4 Nf7 17. Qd2 Qe7 18. Rf1 Bb7 19. Bf3 Rad8 20. Rae1 Qc7 21. Qc2
d5 22. Rd1 Kh8 23. h4 Nd6 24. e5 Nf5 25. Bf2 Qe7 26. g3 Rc8 27. Qe2 a5 28. Kg2
a4 29. Nd2 Ra8 30. Rh1 a3 31. b3 h5 32. Kh3 Ba6 33. c4 Bh6 34. Rhg1 Rg8 35. g4
hxg4+ 36. Rxg4 Raf8 37. Rdg1 Qf7 38. h5 gxh5 39. Rxg8+ Rxg8 40. Bxh5 Qh7 41.
Rxg8+ Qxg8 42. Qg4 Bb7 43. Nb1 d4 44. Bg6 Be4 45. Nd2 Bc2 46. Qh5 Qa8 47. Kh2
Kg7 48. Be8 Bxf4+ 49. Kg1 Nh6 50. Qg6+ Bxg6 0-1

[Event "Calvia Amateur Open"]
[Site "Mallorca"]
[Date "2008.10.12"]
[Round "3.15"]
[White "Anibal, Joaquim"]
[Black "Luijpen, Michiel"]
[Result "1-0"]
[WhiteElo "2167"]
[BlackElo "2066"]
[PlyCount "82"]
[EventDate "2008.10.10"]
[EventType "swiss"]
[EventRounds "9"]
[EventCountry "ESP"]

1. e4 c5 2. Nf3 e6 3. d4 cxd4 4. Nxd4 Nf6 5. Bd3 Nc6 6. Nxc6 bxc6 7. O-O d5 8.
Nc3 Be7 9. Bf4 O-O 10. Qf3 Qb6 11. b3 Ba6 12. Rad1 Bxd3 13. cxd3 a5 14. Rc1
Rfd8 15. Rc2 Rac8 16. h3 Qa6 17. Na4 Nd7 18. Rfc1 Ba3 19. Rd1 Qa7 20. Be3 d4
21. Bc1 Be7 22. Bb2 Ne5 23. Qe2 Qa6 24. f4 Ng6 25. Qf3 Qb5 26. Rc4 e5 27. f5
Nf8 28. Rdc1 Nd7 29. Qe2 h6 30. R1c2 Qa6 31. Bc1 Qb5 32. Bd2 Ba3 33. Qe1 Ra8
34. Qg3 Kh7 35. Rxc6 Bb4 36. Bc1 Bc3 37. Rc4 Nb6 38. Nxb6 Qxb6 39. Qxe5 a4 40.
b4 Re8 41. Qd5 Rad8 1-0

[Event "Calvia Amateur Open"]
[Site "Mallorca"]
[Date "2008.10.13"]
[Round "4.1"]
[White "Massanet Massanet, Sebastian"]
[Black "Lacrosse, Marc"]
[Result "1/2-1/2"]
[WhiteElo "2299"]
[BlackElo "2181"]
[PlyCount "60"]
[EventDate "2008.10.10"]
[EventType "swiss"]
[EventRounds "9"]
[EventCountry "ESP"]

1. d4 d5 2. Nf3 Nf6 3. g3 Bf5 4. Bg2 e6 5. O-O c6 6. c4 Be7 7. Nc3 h6 8. cxd5
exd5 9. Ne5 O-O 10. f3 Nbd7 11. e4 Be6 12. Nxd7 Qxd7 13. e5 Nh7 14. g4 f5 15.
exf6 Bxf6 16. h3 h5 17. Ne2 Rae8 18. Qd3 hxg4 19. fxg4 Ng5 20. Bd2 Ne4 21. Bb4
Nd6 22. Qg3 Be7 23. Rxf8+ Bxf8 24. Rf1 Be7 25. Nf4 Ne4 26. Bxe4 dxe4 27. Bc3
Bf6 28. Qe3 Bg5 29. Qg3 Rf8 30. h4 Bxf4 1/2-1/2